000 00695nam a2200289Ia 4500
001 Z_3704
003 CHAP
008 220113s1980 xx 000 0 und d
010 _a166785
040 _cCHAP
090 _aFolleto 471
100 _aArbiza Aguirre, Santos
_9140854
245 _aOvinos : lana, subproductos y sustitutos /
_cpor Santos Arbiza
260 _aChapingo, Méx. :
_bUACH. Departamento de Zootecnia,
_c1980
300 _a15 h.
440 _a
500 _a
503 _a
650 _aGanado lanar
_xProductos
_9138861
650 _aLana
_964606
901 _aFolleto 471
902 _aA
910 _a1980
942 _cc14
942 _cc14
999 _c166785
_d166785